Claustro franciscano de Tlatelolco (Record no. 1177)

MARC details
000 -CABECERA
campo de control de longitud fija 00778nam a2200205 a 4500
001 - NÚMERO DE CONTROL
campo de control BRCA_1313
005 - FECHA Y HORA DE LA ÚLTIMA TRANSACCIÓN
campo de control 20190320203354.0
008 - DATOS DE LONGITUD FIJA--INFORMACIÓN GENERAL
campo de control de longitud fija 791113s1975 mx-a---##b---f000-0#spa-#
040 ## - FUENTE DE LA CATALOGACIÓN
Centro catalogador/agencia de origen DLC
Centro/agencia transcriptor DLC
Centro/agencia modificador DLC
050 #4 - SIGNATURA TOPOGRÁFICA DE LA BIBLIOTECA DEL CONGRESO
Número de clasificación NA5257.M4
Número de documento/Ítem .V37 1975
100 1# - ENTRADA PRINCIPAL--NOMBRE DE PERSONA
Nombre de persona Vargas Lugo de Bosch, Elisa
9 (RLIN) 656
245 10 - MENCIÓN DE TÍTULO
Título Claustro franciscano de Tlatelolco
Mención de responsabilidad, etc. Elisa Vargas Lugo.
260 ## - PUBLICACIÓN, DISTRIBUCIÓN, ETC.
Lugar de publicación, distribución, etc. México
Nombre del editor, distribuidor, etc. Secretaría de Relaciones Exteriores
Fecha de publicación, distribución, etc. 1975
300 ## - DESCRIPCIÓN FÍSICA
Extensión 68 p.
Otras características físicas il.
Dimensiones 23 cm.
440 #0 - MENCIÓN DE SERIE/PUNTO DE ACCESO ADICIONAL--TÍTULO
Título Colección del Archivo Histórico Diplomático Mexicano
Número de parte o sección de la obra Serie obras especiales 3
Nombre de parte o sección de la obra 3a. época
9 (RLIN) 4296
504 ## - NOTA DE BIBLIOGRAFÍA, ETC.
Nota de bibliografía, etc. Bibliografia: p. 67-68
610 24 - PUNTO DE ACCESO ADICIONAL DE MATERIA--NOMBRE DE ENTIDAD CORPORATIVA
Nombre de entidad corporativa o nombre de jurisdicción como elemento de entrada Colegio de San Buenaventura y San Juan Capistrano
Subdivisión geográfica México
9 (RLIN) 4297
740 0# - PUNTO DE ACCESO ADICIONAL--TÍTULO RELACIONADO O ANALÍTICO NO CONTROLADO
Título relacionado o analítico no controlado Colección del Archivo Histórico Diplomático Mexicano
942 ## - ELEMENTOS DE PUNTO DE ACCESO ADICIONAL (KOHA)
Fuente del sistema de clasificación o colocación Library of Congress Classification
Tipo de ítem Koha Libros
Holdings
Estado de retiro Estado de pérdida Estado dañado No para préstamo Localización permanente Ubicación/localización actual Fecha de adquisición Total de préstamos Signatura topográfica completa Código de barras Fecha visto por última vez Precio válido a partir de Tipo de ítem Koha
El ejemplar forma parte de la colección y puede ser consultado según las políticas vigentes.       Biblioteca del Museo Franz Mayer (Rogerio Casas-Alatriste) Biblioteca del Museo Franz Mayer (Rogerio Casas-Alatriste) 26/06/2008   NA5257.M4 .V37 1975 01830 22/03/2019 22/03/2019 Libros